01027nam a2200253Ia 4500003000900000008004100009020001800050040001600068080002100084111006000105245020300165260006100368300001400429490003300443650004100476650002100517650002600538650001400564700003400578700003200612942000700644999001700651952010500668IN-BaIIA211028s9999 xx 000 0 eng d a0-937707-45-7 cIIA Library a082.2:52bASP-26 aCambridge Workshopn7thcArizonad1991 Oct. 9-12918708 0aCool stars, stellar systems and the sunbseventh Cambridge workshop held in Tucson, Arizona, 9-12 Oct 1991cedited by M. S. Giampapa and J. A. Bookbinder  aSan FranciscobAstronomical Society of the Pacificc1992 axv, 710p. aASP conference series; v. 26 aAstronomy and astrophysics thesaurus aCool stars95425 aStellar systems93271 aSun91200 aBookbinder, J. A., ed.918709 aGiampapa, M. S., ed.918077 cBK c10952d10952 00104070aBANbBANcGENd1994-03-16l0o082.2:52/ ASP-26p11865r2021-11-05w1994-03-16yBK 40.00